Men without women /
| Hlavní autor: | Hemingway, Ernest, 1899-1961 |
|---|---|
| Jazyk: | Angličtina |
| Vydáno: |
New York : Ch. Scribner's Sons, 1927 |
| Fyzický popis: |
232 s. |
| LEADER | 00576nam a22001932a 4500 | ||
|---|---|---|---|
| 001 | 000895519 | ||
| 003 | CZ BrMZK | ||
| 005 | 20080501173104.0 | ||
| 007 | ta | ||
| 008 | 080501s1927 xxu er|||||||||||eng d | ||
| 040 | |a BOA001 |b cze | ||
| 100 | 1 | |a Hemingway, Ernest, |d 1899-1961 |7 jn19990003371 |4 aut | |
| 245 | 1 | 0 | |a Men without women / |c Ernst Hemingway |
| 260 | |a New York : |b Ch. Scribner's Sons, |c 1927 | ||
| 300 | |a 232 s. | ||
| 910 | |a BOA001 |b 1-0831.995 | ||
| 990 | |a BK | ||
| 991 | |b 200804 | ||
| 996 | 7 | |b 2619260333 |c 1-0831.995 |l MZK |r Sklad / do 1 hodiny |n 2 |w 000895519 |u 000010 |a 1 |e BOA001 |j MZK50 |s A | |
English
Čeština 